| 000 | 00485nam a22001697a 4500 | ||
|---|---|---|---|
| 003 | CEME | ||
| 005 | 20210628204117.0 | ||
| 008 | 210106b xxu||||| |||| 00| 0 eng d | ||
| 020 | _a9783642225048 | ||
| 040 | _cceme | ||
| 082 | _a629.892 JAK | ||
| 100 |
_aJakimovski, Bojan _968784 |
||
| 245 | _aBiologically inspired approaches for locomotion, anomaly detection and reconfiguration for walking robots | ||
| 260 |
_aINDIA _bSPRINGER _c2011 |
||
| 300 | _aIX, 198P | ||
| 942 |
_cBK _2ddc |
||
| 999 |
_c576254 _d576254 |
||